Normal view
MARC view
- International Association for Earthquake Engineering
Entry Corporate Name
001 - CONTROL NUMBER
- control field: 36381
003 - CONTROL NUMBER IDENTIFIER
- control field: NUST
005 - DATE AND TIME OF LATEST TRANSACTION
- control field: 20210314130013.0
008 - FIXED-LENGTH DATA ELEMENTS
- fixed length control field: 210314|| aca||aabn | a|a d
040 ## - CATALOGING SOURCE
- Original cataloging agency: NUST
- Transcribing agency: NUST
110 ## - HEADING--CORPORATE NAME
- Corporate name or jurisdiction name as entry element: International Association for Earthquake Engineering
670 ## - SOURCE DATA FOUND
- Source citation: Work cat.: (NUST): Lee , William H.K. editor 36378, International handbook of earthquake and engineering seismology /, 2002-2003.
